| 000 | 01020cam a22002654a 4500 | ||
|---|---|---|---|
| 999 |
_c24990 _d24990 |
||
| 001 | 12408926 | ||
| 003 | OSt | ||
| 005 | 20170130143656.0 | ||
| 008 | 010515s2001 ilua 001 0 eng | ||
| 010 | _a 2001002902 | ||
| 020 | _a0793146003 (pbk.) | ||
| 040 |
_aDLC _cDLC _dDLC |
||
| 042 | _apcc | ||
| 050 | 0 | 0 |
_aHD30.28 _b.P5 2001 |
| 082 | 0 | 0 |
_a658.4/012 _221 |
| 100 | 1 | _aPinson, Linda. | |
| 245 | 1 | 0 |
_aAnatomy of a business plan : _ba step-by-step guide to building a business and securing your company's future / _cLinda Pinson. |
| 250 | _a5th ed. | ||
| 260 |
_aChicago, IL : _bDearborn Trade Publishing, _cc2001. |
||
| 300 |
_ax, 278 p. : _bill. ; _c28 cm. |
||
| 500 | _aIncludes index. | ||
| 650 | 0 | _aBusiness planning. | |
| 650 | 0 |
_aNew business enterprises _xPlanning. |
|
| 906 |
_a7 _bcbc _corignew _d1 _eecip _f20 _gy-gencatlg |
||
| 942 |
_2lcc _cBOOKS _hHD 30.28 .P5 2001 |
||